Znani ludzie według inicjałów - imiona na "K" - Statystyki

Ogólne statystyki
  • Ten quiz został rozwiązany 367 razy
  • Średni wynik to 11 z 20
Statystyki odpowiedzi
Inicjały Kim jest ta osoba? Odpowiedź % Poprawnych
KS Polski skoczek narciarski, trzykrotny mistrz olimpijski, dwukrotny zdobywca Kryształowej Kuli Kamil Stoch
91%
KG Polski piłkarz, ćwierćfinalista Euro 2016, zawodnik m.in. Torino i AS Monaco Kamil Glik
80%
KB Amerykański koszykarz, pięciokrotny mistrz NBA w barwach Los Angeles Lakers, zmarły w katastrofie helikoptera Kobe Bryant
79%
KK Amerykańska celebrytka i aktorka, znana dzięki reality show, w którym wystąpiła wraz z rodziną Kim Kardashian
76%
KD Polski piłkarz, brązowy medalista Mistrzostw Świata w 1974 r. Kazimierz Deyna
74%
KW Angielska aktorka, znana z roli Rose w "Titanicu" czy Hanny Schmitz w "Lektorze" Kate Winslet
69%
KH Polski kierowca rajdowy, pierwszy w historii polski zwycięzca etapu rajdu Dakar Krzysztof Hołowczyc
67%
KC Amerykański muzyk, wokalista zespołu Nirvana Kurt Cobain
66%
KN Polska piosenkarka, wokalistka zespołu Hey Katarzyna Nosowska
61%
KJ Polska aktorka, znana z występów w filmach takich jak "Człowiek z żelaza", "Przesłuchanie" czy "Przedwiośnie" Krystyna Janda
55%
KR Kanadyjski aktor i producent filmowy, znany z ról Neo w "Matriksie" czy Jonathana Harkera w "Drakuli" Keanu Reeves
48%
KI Polski siatkarz, mistrz świata z 2014 r. i mistrz Europy z 2009 r. Krzysztof Ignaczak
45%
KL Niemiecki projektant mody, dyrektor artystyczny Chanel Karl Lagerfeld
43%
KZ Polski reżyser i scenarzysta filmowy, odpowiedzialny za fillmy takie jak "Iluminacja" czy "Życie jako śmiertelna choroba" Krzysztof Zanussi
43%
KM Niemiecki filozof i socjolog, twórca socjalizmu naukowego Karl Marx
41%
KP Polski kompozytor, twórca oper, symfonii i muzyki filmowej Krzysztof Penderecki
40%
KF Japoński skoczek narciarski, dwukrotny mistrz olimpijski, uznawany za najlepszego stylistę w historii dyscypliny Kazuyoshi Funaki
37%
KA Niemiecki polityk, kanclerz RFN w latach 1949-1963 Konrad Adenauer
34%
KV Amerykański pisarz, twórca dzieł takich jak "Recydywista" czy "Rzeźnia numer pięć" Kurt Vonnegut
16%
KT Japoński mangaka, twórca serii Yu-Gi-Oh! Kazuki Takahashi
1%
Nie znaleziono quizów pasujących do podanych kryteriów
Rozkład punktacji
Procent ludzi z każdym wynikiem
Percentyl według liczby udzielonych odpowiedzi
Twoja historia wyników
Nie rozwiązałeś tego quizu